000 00230nam a2200097Ia 4500
001 917430
005 20250826185913.0
008 250824s9999 xx 000 0 und d
245 0 _aSEDAT
_cSEDAT IŞILCA
260 _bİNDİGO YAYINLARI
999 _c917430
_d917430